=LDR 00000nam 2200000 4500 =001 NUTBA000000000002344 =990 ##$$a 21402722 =005 20140612121404.0 =990 ##$$a 21402723 =006 =990 ##$$a 21402724 =007 =990 ##$$a 21402725 =008 =990 ##$$a 21402726 =020 ##$$a 978-602-8426-01-5 =035 ##$$a 0010-061400000000287 =040 ##$$a NBPDMAT =082 ##$$a 628.445 8 =090 ##$$a 628.445 8 $b Edi m =100 ##$$a Edi Warsudi =245 ##$$a Mengolah sampah menjadi kompos / $c Edi Warsidi =260 ##$$a Jakarta : $b Mitra Utama, $c 2008 =300 ##$$a vi, 82 hlm. : $b ilus. ; $c 22 cm. =500 ##$$a Bibliografi : hlm. 79 =650 ##$$a Kompos =850 ##$$a NBPDMAT =990 ##$$a 21402722